000 01765nam0a2200325 4500
001 RU\NLR\BIBL_A\011398637
005 20240922035639.0
010 _a9785927519729
_940
021 _aRU
_b2017-35057
_92570
035 _a(RuMoRGB)008885707
035 _a(NLR Aleph) 011398637
090 _a11494888
_c11494888
100 _a20170602d2016 u y0rusy50 ca
101 0 _arus
102 _aRU
105 _ay zzzz||||1yy
200 1 _aПсихология эмоций и воли
_eучебное пособие
_fС. Т. Джанерьян
_gМинистерство образования и науки Российской Федерации, Федеральное государственное автономное образовательное учреждение высшего образования "Южный федеральный университет"
210 _aРостов-на-Дону
_cИзд-во Южного федерального университета
_d2016
215 _a140 с.
_d21
320 _aБиблиогр. в конце разделов
606 1 _aЭмоции
_jУчебные издания для высших учебных заведений
_xПсихологические исследования
_92068859
_3RU\NLR\AUTH\661243527
606 1 _aВоля
_jУчебные издания для высших учебных заведений
_xПсихологические исследования
_92141598
_3RU\NLR\AUTH\661290734
686 _aЮ935.2я73-1
_2rubbk
686 1 _aЮ935.21я73
686 1 _aЮ935.22я73
700 1 _aДжанерьян
_bС. Т.
_gСветлана Тиграновна
942 _cBOOK
980 _aNBR